书目信息 |
| 题名: |
敏于行
|
|
| 作者: | 冯敏 著 | |
| 分册: | ||
| 出版信息: | 上海 上海教育出版社有限公司 2022.01 |
|
| 页数: | 204页 | |
| 开本: | 26cm | |
| 丛书名: | ||
| 单 册: | ||
| 中图分类: | G807.01 | |
| 科图分类: | ||
| 主题词: | 体育教学--教学研究 | |
| 电子资源: | ||
| ISBN: | 978-7-5720-1291-4 | |
| 000 | 00814nam0 2200229 450 | |
| 001 | 012001001951 | |
| 005 | 20140202095528.0 | |
| 010 | @a978-7-5720-1291-4@dCNY80.00 | |
| 100 | @a20220905d2022 em y0chiy50 ea | |
| 101 | 0 | @achi |
| 102 | @aCN@b310000 | |
| 105 | @ay z 000yy | |
| 106 | @ar | |
| 200 | 1 | @a敏于行@Amin yu xing@e行走在教育理论与体育实践之间@f冯敏著 |
| 210 | @a上海@c上海教育出版社有限公司@d2022.01 | |
| 215 | @a204页@d26cm | |
| 330 | @a本书分五篇,内容包括“回眸篇:我的体育之缘”“理念篇:我眼中的学校体育教育”“教学篇:体育教师立足操场的资本”“教研篇:促进体育教师专业化成长的平台”“科研篇:提升体育教师内涵品质的助推剂”。 | |
| 606 | 0 | @a体育教学@x教学研究 |
| 690 | @aG807.01@v5 | |
| 701 | 0 | @a冯敏@Afeng min@4著 |
| 801 | 0 | @aCN@bAHXH@c20221111 |
| 905 | @b1367260-4@dG807.01@e2030@f5 | |
| 敏于行:行走在教育理论与体育实践之间/冯敏著.-上海:上海教育出版社有限公司,2022.01 |
| 204页;26cm |
| ISBN 978-7-5720-1291-4:CNY80.00 |
| 本书分五篇,内容包括“回眸篇:我的体育之缘”“理念篇:我眼中的学校体育教育”“教学篇:体育教师立足操场的资本”“教研篇:促进体育教师专业化成长的平台”“科研篇:提升体育教师内涵品质的助推剂”。 |
| ● |
| 相关链接 |
|
|
|
|
正题名:敏于行
索取号:G807.01/2030
 
预约/预借
| 序号 | 登录号 | 条形码 | 馆藏地/架位号 | 状态 | 备注 |
| 1 | 1367260 | 213672603 | 第一样本阅览室/ [索取号:G807.01/2030] | 在馆 | |
| 2 | 1367261 | 213672612 | 教育系资料室/ [索取号:G807.01/2030] | 在馆 | |
| 3 | 1367262 | 213672621 | 教育系资料室/ [索取号:G807.01/2030] | 在馆 | |
| 4 | 1367263 | 213672630 | 第四借阅区/ [索取号:G807.01/2030] | 在馆 | |
| 5 | 1367264 | 213672649 | 第四借阅区/ [索取号:G807.01/2030] | 在馆 |